Statistics for Jurassic Park/World Franchise Dinosaurs (Hard Version)

Click here to take the quiz!

General Stats

  • This quiz has been taken 23 times
    (21 since last reset)
  • The average score is 26 of 48

Answer Stats

Answer% Correct
Tyrannosaurus rex
100%
Velociraptor
89%
Dilophosaurus
84%
Spinosaurus
84%
Triceratops
84%
Jurassic ParkBrachiosaurus
79%
Stegosaurus
79%
Jurassic WorldApatosaurus
74%
Gallimimus
74%
Jurassic World : Fallen KingdomAllosaurus
68%
Jurassic Park IIIAnkylosaurus
68%
Carnotaurus
68%
Indominus rex
68%
Indoraptor
68%
Baryonyx
63%
The Lost World : Jurassic ParkCompsognathus
63%
Pteranodon
63%
Giganotosaurus
58%
Mosasaurus
58%
Parasaurolophus
58%
Sinoceratops
58%
Ceratosaurus
53%
Pachycephalosaurus
53%
Pyroraptor
53%
Jurassic World : DominionAtrociraptor
47%
Corythosaurus
47%
Dimorphodon
47%
Battle at Big RockNasutoceratops
47%
Nothosaurus
47%
Scorpios rex
47%
Jurassic World : Camp CretaceousKentrosaurus
42%
Mamenchisaurus
42%
Oviraptor
42%
Smilodon
42%
Spinoceratops
42%
Jurassic World : Camp Cretaceous : Hidden AdventureTarbosaurus
42%
Therizinosaurus
42%
Dreadnoughtus
37%
Iguanodon
37%
Ouranosaurus
37%
Stygimoloch
37%
Dimetrodon
32%
Lystrosaurus
32%
Monolophosaurus
32%
Moros intrepidus
32%
Quetzalcoatlus
32%
Giant locust
26%
Microceratus
21%

Score Distribution

Percentile by Number Answered

Percent of People with Each Score

Your Score History

You have not taken this quiz since the last reset